000 00809cam a22001934a 4500
005 20250605164409.0
008 250528s ||||||||||||||||||||||||d
035 _a24971
040 _aGR-AtMCL
_bgre
_dGR-AtMCL
_eAACR2
245 1 _aElementary Age Students' Perceptions of Official Foreign Language Examinations, in Heraklion, Crete, Greece / Dissertations Submitted to the University of Derby in Partial Fulfilment of the Requirements for the Degree of Master of A :
_brts in Education
260 _c2021
300 _a128
520 _aIntroduction, Review of Literature, Methodology, Findings and Results, Discussion, Conclusions and Recommendations, References, Appendices.
700 1 _aRozou Vana
_99091
700 1 _aTrichaki Sophia
_99701
942 _cDS
999 _c9790
_d9790